Least densely populated US metro areas - Statistics

General Stats
  • This quiz has been taken 84 times
  • The average score is 6 of 15
Answer Stats
Population (2019 estimate) Area (sq mi) Density (per sq mi) Metro area % Correct
396,317 26,312.6 15.1 Anchorage, AK
91%
96,849 7,338.2 13.2 Fairbanks, AK
73%
181,667 6,477.4 28.0 Billings, MT
64%
128,949 4,281.4 30.1 Bismarck, ND
52%
288,732 10,522.2 27.4 Duluth, MN
45%
79,858 5,340.4 15.0 Casper, WY
42%
151,530 5,191.3 29.2 Idaho Falls, ID
42%
142,107 6,247.5 22.7 Rapid City, SD
40%
143,476 18,618.9 7.7 Flagstaff, AZ
39%
100,815 3,407.5 29.6 Grand Forks, ND
24%
212,181 13,311.1 15.9 Lake Havasu City, AZ
22%
235,099 8,123.5 28.9 Prescott Valley, AZ
19%
123,958 5,513.1 22.5 Farmington, NM
18%
125,922 6,165.7 20.4 Sierra Vista, AZ
12%
120,629 4,739.8 25.5 Wenatchee, WA
6%
No matching quizzes found
Score Distribution
Percent of People with Each Score
Percentile by Number Answered
Your Score History
You have not taken this quiz